000
00321nam a2200133Ia 4500
001
688
008
241024s9999 xx 000 0 und d
082
_a
RD/861.44/M516s
100
_a
Freddy Mejia
245
0
_a
SueƱos de la democracia
260
_b
Santo Domingo
_c
2007
901
_a
26/11/2010 3:34:56 p.m.
999
_c
7883
_d
7883